Circulation à gauche ou à droite - Statistiques

Statistiques générales
  • Ce quiz a été pris 118 fois
  • Le résultat moyen est 9 sur 15
Statistiques - réponses
Question Réponse % Correct
France Droite
100%
Belize Droite
100%
Australie Gauche
100%
Inde Gauche
75%
Malaisie Gauche
75%
Viêt Nam Droite
50%
Palaos Droite
50%
Armenie Droite
50%
Kiribati Gauche
50%
Indonesie Gauche
50%
Nouvelle-Zélande Gauche
50%
Lituanie Droite
25%
Japon Gauche
25%
Seychelles Gauche
25%
Ouganda Gauche
25%
Aucun quiz correspondant
Distribution des résultats
% des personnes avec chaque résultat
Percentile par nombre de réponses
Votre historique - résultats
Vous n’avez pas pris ce quiz